000
00330nam a22001457a 4500
008
210310b ||||| |||| 00| 0 eng d
020
_a
9780324225174
041
_a
eng
080
_2
6th
_a
338.5
082
_a
338.5
100
_a
57
101
_a
QMI
245
_a
Price Theory & Applications
_c
Landsburg,S.E
942
_2
udc
_c
BK
999
_c
56163
_d
56163